Devalváciou k prosperite?

Názory nositeľa Nobelovej ceny za ekonómiu Ch.A.Simsa na štátny dlh a infláciu. Odporúčania pre eurozónu.

Salvato in:
Dettagli Bibliografici
Autore principale: Pavelka, Ľuboš, 1962-
Natura: Capitolo di libro
Lingua:slovacco
Soggetti:
Tags: Aggiungi Tag
Nessun Tag, puoi essere il primo ad aggiungerne!!

MARC

LEADER 00000naa a2200000 4500
001 0210425
005 20240502073514.3
041 0 |a slo 
044 |a SK 
245 1 0 |a Devalváciou k prosperite?  |c Ľuboš Pavelka 
520 |a Názory nositeľa Nobelovej ceny za ekonómiu Ch.A.Simsa na štátny dlh a infláciu. Odporúčania pre eurozónu. 
610 2 0 |a dlhy štátne 
610 2 0 |a zadlženosť 
610 2 0 |a inflácia 
610 2 0 |a devalvácia 
610 2 0 |a prosperita ekonomická 
610 2 0 |a eurozóna 
100 1 |a Pavelka, Ľuboš, 1962-